<?xml version="1.0" encoding="UTF-8"?>
<record
    xmlns:xsi="http://www.w3.org/2001/XMLSchema-instance"
    xsi:schemaLocation="http://www.loc.gov/MARC21/slim http://www.loc.gov/standards/marcxml/schema/MARC21slim.xsd"
    xmlns="http://www.loc.gov/MARC21/slim">

  <leader>01113nam a2200265 i 4500</leader>
  <controlfield tag="001"> 81153</controlfield>
  <controlfield tag="003">BD-RjUL</controlfield>
  <controlfield tag="005">20230131153600.0</controlfield>
  <controlfield tag="008">230130s1968    le            ||| | ara d</controlfield>
  <datafield tag="035" ind1=" " ind2=" ">
    <subfield code="a">(BD-RjUL) 81153</subfield>
  </datafield>
  <datafield tag="040" ind1=" " ind2=" ">
    <subfield code="a">UkOxU</subfield>
    <subfield code="b">eng</subfield>
    <subfield code="e">rda</subfield>
    <subfield code="c">UkOxU</subfield>
  </datafield>
  <datafield tag="041" ind1=" " ind2=" ">
    <subfield code="a">ara</subfield>
  </datafield>
  <datafield tag="082" ind1=" " ind2=" ">
    <subfield code="2">23</subfield>
    <subfield code="a">297.125</subfield>
    <subfield code="b">MUT 1968</subfield>
  </datafield>
  <datafield tag="100" ind1="1" ind2=" ">
    <subfield code="a">Mundhir&#x12B;, &#x2BF;Abd al-&#x2BF;A&#x1E93;&#x12B;m ibn &#x2BF;Abd al-Qaw&#x12B;,</subfield>
    <subfield code="d">1185-1258</subfield>
    <subfield code="9">6791</subfield>
  </datafield>
  <datafield tag="245" ind1="1" ind2="3">
    <subfield code="a">&#x627;&#x644;&#x62A;&#x631;&#x63A;&#x64A;&#x628; &#x648;&#x627;&#x644;&#x62A;&#x631;&#x647;&#x64A;&#x628; &#x645;&#x646; &#x627;&#x644;&#x62D;&#x62F;&#x64A;&#x62B;  / al-Targh&#x12B;b wa-al-tarh&#x12B;b min al-&#x1E25;ad&#x12B;th /</subfield>
    <subfield code="c">ta&#x2BC;l&#x12B;f Zak&#x12B; al-D&#x12B;n &#x2BF;Abd al-&#x2BF;A&#x1E93;&#x12B;m ibn &#x2BF;Abd al-Qaw&#x12B; al-Mundhir&#x12B; ; &#x1E0D;aba&#x1E6D; a&#x1E25;&#x101;d&#x12B;thahu wa-&#x2BB;allaqa &#x2BB;alayhi Mu&#x1E63;&#x1E6D;af&#xE0; Mu&#x1E25;ammad &#x2BB;Im&#x101;rah.</subfield>
  </datafield>
  <datafield tag="250" ind1=" " ind2=" ">
    <subfield code="a">&#x627;&#x644;&#x637;&#x628;&#x639;&#x629; &#x627;&#x644;&#x62B;&#x627;&#x644;&#x62B;&#x629;.   al-&#x1E6C;ab&#x2BB;ah al-th&#x101;lithah.</subfield>
  </datafield>
  <datafield tag="264" ind1=" " ind2="1">
    <subfield code="a">[Bayr&#x16B;t] :</subfield>
    <subfield code="b">D&#x101;r I&#x1E25;y&#x101;&#x2BC; al-Tur&#x101;th al-&#x2BB;Arab&#x12B; lil-&#x1E6C;ib&#x101;&#x2BB;ah wa-al-Nashr,</subfield>
    <subfield code="c">1968.</subfield>
  </datafield>
  <datafield tag="300" ind1=" " ind2=" ">
    <subfield code="a">volumes ;</subfield>
    <subfield code="c">25 cm</subfield>
  </datafield>
  <datafield tag="336" ind1=" " ind2=" ">
    <subfield code="a">text</subfield>
    <subfield code="2">rdacontent</subfield>
  </datafield>
  <datafield tag="337" ind1=" " ind2=" ">
    <subfield code="a">unmediated</subfield>
    <subfield code="2">rdamedia</subfield>
  </datafield>
  <datafield tag="338" ind1=" " ind2=" ">
    <subfield code="a">volume</subfield>
    <subfield code="2">rdacarrier</subfield>
  </datafield>
  <datafield tag="650" ind1=" " ind2="0">
    <subfield code="a">Hadith</subfield>
    <subfield code="x">Criticism, interpretation, etc.</subfield>
  </datafield>
  <datafield tag="700" ind1="1" ind2=" ">
    <subfield code="a">&#x2BF;Im&#x101;rah, Mu&#x1E63;&#x1E6D;af&#xE1; Mu&#x1E25;ammad</subfield>
    <subfield code="9">6792</subfield>
  </datafield>
  <datafield tag="942" ind1=" " ind2=" ">
    <subfield code="2">ddc</subfield>
    <subfield code="c">BK</subfield>
  </datafield>
  <datafield tag="999" ind1=" " ind2=" ">
    <subfield code="c">81153</subfield>
    <subfield code="d">81153</subfield>
  </datafield>
  <datafield tag="952" ind1=" " ind2=" ">
    <subfield code="0">0</subfield>
    <subfield code="1">0</subfield>
    <subfield code="2">ddc</subfield>
    <subfield code="4">0</subfield>
    <subfield code="7">1</subfield>
    <subfield code="8">NFIC</subfield>
    <subfield code="a">RUCL</subfield>
    <subfield code="b">RUCL</subfield>
    <subfield code="c">Reading</subfield>
    <subfield code="d">1983-08-14</subfield>
    <subfield code="e">Dr. Aftab Ahmed  Ara. RU</subfield>
    <subfield code="g">700.00</subfield>
    <subfield code="l">0</subfield>
    <subfield code="o">A 297.125 MUT V-3 1968</subfield>
    <subfield code="r">2023-01-31 00:00:00</subfield>
    <subfield code="t">C-1</subfield>
    <subfield code="w">2023-01-31</subfield>
    <subfield code="y">BK</subfield>
  </datafield>
</record>
